00498 a2200181 450000100060000002000150000604000240002110000280004524000300007324500250010330000070012836200090013544000130014465000310015794200070018895201040019599900170029944763 a8574090433 cAnchieta - Aquarius aMelo Junior, Maurício10aA revolta do cascudolpor10aA revolta do cascudo a360 a1998 1aBagaço 4aLiteratura infanto-juvenil cBK 00104070a87.1b87.1d2023-11-21l0o028.5 MEL REVp1106/AQUr2023-11-21 15:10:38w2023-11-21yBK c44763d44763